000 00442nam a2200157 i 4500
001 94717
003 ES-MaACL
005 20230906181535.0
007 t|
008 050512s1960 sp ||||1| spa d
100 1 _aLozano Calvo, Luis.
_974435
245 1 0 _aIntroducción a la Física /
_cpor Luis Lozano Calvo.
260 _aMadrid :
_bImp. C. Bermejo,
_c1960.
300 _a255 p. :
_bil. ;
_c24 cm.
852 _aES-MaACL
_jC-17939
_bR.46043
999 _c94717
_d94717